000 00518cam a2200145 4500500
005 20260208001103.0
041 _afre
042 _adc
100 1 0 _aTerrasson, Daniel
_eauthor
245 0 0 _a« Évaluation et prise en compte des risques naturels et technologiques »
260 _c2005.
500 _a3
786 0 _nNatures Sciences Sociétés | 13 | 4 | 2005-12-01 | p. 458-460 | 1240-1307
856 4 1 _uhttps://stm.cairn.info/revue-natures-sciences-societes-2005-4-page-458?lang=fr&redirect-ssocas=7080
999 _c1644334
_d1644334